Elements of survey sampling /

Bibliographic Details
Main Author: Singh, Ravindra
Other Authors: Singh Mangat, Naurang
Format: Book
Language:English
Published: Dordrecht ; Boston : Kluwer Academic Publishers, [1996]
Series:Kluwer texts in the mathematical sciences ; v. 15.
Subjects:

MARC

Tag First Indicator Second Indicator Subfields
LEADER 00000cam a2200000 a 4500
001 in00001316521
005 20151005070645.0
008 960312s1996 ne a b 001 0 eng
010 |a  96014543  
020 |a 0792340450 (hb : acid-free paper) 
035 |a (OCoLC)34474426 
035 |9 AHC1807AM 
040 |a DLC  |c DLC  |d TXA  |d UtOrBLW 
049 |a TXAM 
050 0 0 |a QA276.6  |b .S57 1996 
082 0 0 |a 001.4/222  |2 20 
100 1 |a Singh, Ravindra. 
245 1 0 |a Elements of survey sampling /  |c by Ravindra Singh and Naurang Singh Mangat. 
264 1 |a Dordrecht ;  |a Boston :  |b Kluwer Academic Publishers,  |c [1996] 
264 4 |c ©1996 
300 |a xv, 388 pages :  |b illustrations ;  |c 25 cm. 
336 |a text  |b txt  |2 rdacontent 
337 |a unmediated  |b n  |2 rdamedia 
338 |a volume  |b nc  |2 rdacarrier 
490 1 |a Kluwer texts in the mathematical sciences ;  |v v. 15 
504 |a Includes bibliographical references (pages [373]-381) and indexes. 
650 0 |a Sampling (Statistics) 
700 1 |a Singh Mangat, Naurang. 
830 0 |a Kluwer texts in the mathematical sciences ;  |v v. 15. 
999 |a MARS 
999 f f |s e01bdca4-7957-3b6d-8f80-61e051b9d58c  |i 1db79677-6acd-38dd-8e56-1359a75be129  |t 0 
952 f f |p normal  |a Texas A&M University  |b College Station  |c Sterling C. Evans Library  |d Evans: Library Stacks  |t 0  |e QA276.6 .S57 1996  |h Library of Congress classification  |i unmediated -- volume  |m A14820468584 
998 f f |a QA276.6 .S57 1996  |t 0  |l Evans: Library Stacks